000 00850nam a22002777a 4500
001 7084
003 FISKH
005 20250620125545.0
008 250620b cb ||||| |||| 00| 0 eng d
020 _a9781606947944
040 _aFISKH
_beng
_cFISKH
_dFISKH
050 _aQL377.S4 S762
082 _a593.5
100 _aStone, Lynn M.
245 _aJellyfish :
_bMarine life /
_cLynn M. Stone
260 _aFlorida :
_bRoueke,
_c2006.
300 _a24 pages :
_bcolor illustrations ;
_c18 x 20 cm
505 _aJ
520 _aLearn about how jellyfish live, grow, and survive in the ocean.
521 8 _a460
_bLexile estimate
521 8 _aJ
_bRaz-Plus
650 _aMarine Life
_vScience Nonfiction for Children
_xJellyfish
650 _aOcean Biology
_vInvertebrates
_xSea Creatures
942 _2ddc
_cBK
_n0
999 _c7084
_d7084